00560nam a2200205 a 4500001001300000003000900013005001700022008004100039020000800080082001400088100002200102245003000124260005900154300000900213500003500222505001000257650004000267650002500307700002200332nice12345678IN_TiNIC20260116011437.0050524s1900 lona grp 000 0 eng  ac000a291bBER2 aBerry, T Sterling aChristianity and Buddhism aLondonbSociety for Promoting Christian Knowledgc1900 a256p aincludes index and biblioraphy2 aIndex aComparative Religion-Chris & Budhis aComparative Religion1 aBerry, T Sterling